Fundamentals of Multimedia (Record no. 1795)
[ view plain ]
| 000 -LEADER | |
|---|---|
| fixed length control field | 00425nam a2200169Ia 4500 |
| 008 - FIXED-LENGTH DATA ELEMENTS--GENERAL INFORMATION | |
| fixed length control field | 221030s9999 xx 000 0 und d |
| 020 ## - INTERNATIONAL STANDARD BOOK NUMBER | |
| ISBN | 8177588230 |
| 041 ## - LANGUAGE CODE | |
| Language code of text/sound track or separate title | |
| 082 ## - DEWEY DECIMAL CLASSIFICATION NUMBER | |
| Classification number | 105.23 |
| Item number | Nia |
| 100 ## - MAIN ENTRY--AUTHOR NAME | |
| Personal name | Ze-Nian Li |
| 245 #0 - TITLE STATEMENT | |
| Title | Fundamentals of Multimedia |
| Statement of responsibility, etc | by Ze-Nian Li, M. S. Drew |
| 260 ## - PUBLICATION, DISTRIBUTION, ETC. (IMPRINT) | |
| Name of publisher | Pearson Education |
| Place of publication | Delhi |
| Year of publication | 2006 |
| 300 ## - PHYSICAL DESCRIPTION | |
| Number of Pages | 560 |
| 650 ## - SUBJECT ADDED ENTRY--TOPICAL TERM | |
| Topical Term | BE Computer |
| 700 ## - ADDED ENTRY--PERSONAL NAME | |
| Personal name | M. S. Drew |
| 942 ## - ADDED ENTRY ELEMENTS (KOHA) | |
| Koha item type | Books |
| Accession Number | Cost, normal purchase price | Full call number | Price effective from | Koha item type | Withdrawn / writtenoff status | Materials specified (bound volume or other part) | Damaged status | Not for loan | Permanent Location | Current Location | Shelving location | Date acquired | Lost/ Missing status | department |
|---|---|---|---|---|---|---|---|---|---|---|---|---|---|---|
| BE 8619 | 299.00 | 105.23 Nia | 10/30/2022 | Books | Not For Loan | MIET Library, Jammu | MIET Library, Jammu | BL-Second, FL-1, CUP-58, SH-3, R-3 | 11/18/2006 | BE | ||||
| M 1209 | 299.00 | 105.23 Ze | 10/30/2022 | Books | MIET Library, Jammu | MIET Library, Jammu | BL-Academic Block- B, FL-2, CUP-124, SH-4, R-4 | 11/13/2006 | MCA | |||||
| M 953 | 350.00 | 105.23 Nia | 10/30/2022 | Books | MIET Library, Jammu | MIET Library, Jammu | BL-Academic Block- B, FL-2, CUP-124, SH-4, R-4 | 09/05/2006 | MCA | |||||
| M 954 | 350.00 | 105.23 Nia | 10/30/2022 | Books | MIET Library, Jammu | MIET Library, Jammu | BL-Academic Block- B, FL-2, CUP-144, SH-6, R-6 | 09/05/2006 | MCA | |||||
| M 955 | 350.00 | 105.23 Nia | 10/30/2022 | Books | MIET Library, Jammu | MIET Library, Jammu | BL-Academic Block- B, FL-2, CUP-144, SH-6, R-6 | 09/05/2006 | MCA | |||||
| M 1210 | 299.00 | 105.23 Ze | 10/30/2022 | Books | MIET Library, Jammu | MIET Library, Jammu | BL-Academic Block- B, FL-2, CUP-144, SH-6, R-6 | 11/13/2006 | MCA | |||||
| M 1211 | 299.00 | 105.23 Ze | 10/30/2022 | Books | MIET Library, Jammu | MIET Library, Jammu | BL-Second, FL-1, CUP-80, SH-4, R-4 | 11/13/2006 | MCA |